000 00484nam a2200181Ia 4500
008 240925s9999 xx 000 0 und d
020 _a9781639895687
082 _a004.65 HAR
100 _a Harrison, Jim
245 0 _aWeb designing
250 _aN/A
260 _aNew York:
_bStates Academic Press
_c,2022.
300 _a234p.
_bNA
_fOriginal
500 _aIncludes Index
600 _aComputer Science
650 _aComputer science, information & general works
942 _cBK
999 _c18316
_d18316